000 00483nmm a2200169Ia 4500
008 251105s9999||||xx |||||||||||||||||und||
020 _a9789560005960
041 _aspa
100 _aSlachevsky Chochol, Andrea
245 0 _aCerebro cotidiano
264 _a[Santiago de Chile, Chile] :
_bLOM Ediciones,
_c2015
300 _a136 páginas
490 _aCiencias Sociales y Humanas
650 _aSciences
856 _uhttps://public.digitaliapublishing.com/a/41653
942 _cCF
999 _c93511
_d93511